[Event "BPB Limburg open"]
[Site "Maastricht"]
[Date "2015.05.25"]
[Round "7"]
[White "Martinez Reyes, Pedro Ramon"]
[Black "Zult, Daan"]
[Result "1-0"]
[WhiteElo "2322"]
[BlackElo "2237"]
[PlyCount "87"]
[EventDate "2015.05.22"]
[EventType "swiss"]
[EventRounds "7"]
[EventCountry "NED"]
[Source "P.Boonen"]
[SourceDate "2015.10.01"]

1. e4 e5 2. Nf3 Nc6 3. Bb5 a6 4. Ba4 Nf6 5. O-O b5 6. Bb3 Be7 7. a4 b4 8. d4 d6
9. dxe5 Nxe5 10. Nxe5 dxe5 11. Qe2 a5 12. Rd1 Bd6 13. f3 h6 14. Be3 O-O 15. Nd2
Qe7 16. Qf2 Kh7 17. Bc4 Ba6 18. Bxa6 Rxa6 19. Nb3 Nd7 20. Rd5 f5 21. Qe2 Rfa8
22. exf5 Nf6 23. Rd2 e4 24. Bd4 Bf4 25. Rdd1 Rd6 26. Bxf6 Qxf6 27. Qxe4 Rad8
28. Rxd6 Bxd6 29. Re1 Rf8 30. Nxa5 Qxb2 31. Nc4 Bc5+ 32. Kh1 Qf6 33. Qe6 Qc3
34. Qe4 Qf6 35. a5 Qxf5 36. Qxf5+ Rxf5 37. Re5 Kg6 38. a6 Bf2 39. Re6+ Kg5 40.
Rc6 Kh4 41. Re6 Kg5 42. Re7 Rc5 43. a7 Rxc4 44. a8=Q 1-0

[Event "BPB Limburg open"]
[Site "Maastricht"]
[Date "2015.05.25"]
[Round "7"]
[White "Meijer, Dolf"]
[Black "Boons, Patrick"]
[Result "1-0"]
[WhiteElo "2223"]
[BlackElo "2024"]
[PlyCount "65"]
[EventDate "2015.05.22"]
[EventType "swiss"]
[EventRounds "7"]
[EventCountry "NED"]
[Source "P.Boonen"]
[SourceDate "2015.10.01"]

1. e4 d5 2. exd5 Nf6 3. d4 Nxd5 4. Nf3 g6 5. c4 Nf6 6. Be2 Bg7 7. Nc3 O-O 8.
O-O Nbd7 9. h3 Re8 10. Bf4 c6 11. a3 Nf8 12. Qd2 Ne6 13. Bh2 Qa5 14. Rfd1 Qd8
15. Rac1 h5 16. d5 Nc5 17. Qe3 Nb3 18. dxc6 Qb6 19. Qxb6 axb6 20. cxb7 Bxb7 21.
Rc2 Rac8 22. Be5 Ba6 23. Nd4 Na5 24. b3 Red8 25. Na4 b5 26. cxb5 Rxc2 27. Nxc2
Rxd1+ 28. Bxd1 Bxb5 29. Nc5 Nc6 30. Ba1 Ne8 31. Bxg7 Kxg7 32. a4 Ba6 33. Nxa6
1-0

[Event "BPB Limburg open"]
[Site "Maastricht"]
[Date "2015.05.25"]
[Round "7"]
[White "Mueller, Martin2"]
[Black "Drose, Daniela"]
[Result "1/2-1/2"]
[WhiteElo "2079"]
[BlackElo "1977"]
[PlyCount "90"]
[EventDate "2015.05.22"]
[EventType "swiss"]
[EventRounds "7"]
[EventCountry "NED"]
[Source "P.Boonen"]
[SourceDate "2015.10.01"]

1. d4 Nf6 2. e3 d5 3. f4 g6 4. Nf3 Bg7 5. Bd3 O-O 6. O-O b6 7. Qe2 Bb7 8. c3
Qc8 9. b4 c5 10. a4 c4 11. Bc2 a6 12. Nbd2 Nbd7 13. Kh1 b5 14. a5 Ne4 15. Nxe4
dxe4 16. Ng5 Nf6 17. Bd2 h6 18. Nh3 Nh7 19. Nf2 f5 20. g4 e6 21. Rg1 Kh8 22.
Rg2 Bc6 23. Rag1 Be8 24. Be1 Ra7 25. Nh3 Bf6 26. Bd1 Qd8 27. Bg3 Bg7 28. Qe1
Rg8 29. Bh4 Qd6 30. Nf2 Rb7 31. h3 Qd5 32. Kh2 Qd6 33. Nh1 Qd5 34. gxf5 exf5
35. Nf2 Ra7 36. Kh1 Qd6 37. Rh2 Nf6 38. Bxf6 Bxf6 39. Be2 Bh4 40. Qd1 Qd5 41.
Rhg2 Rag7 42. Qf1 Qd6 43. Nd1 Qd5 44. Nb2 Bf7 45. Nd1 Qd6 1/2-1/2

[Event "BPB Limburg open"]
[Site "Maastricht"]
[Date "2015.05.25"]
[Round "7"]
[White "Nachbar, Benjamin"]
[Black "Majhi, Ankit"]
[Result "1/2-1/2"]
[WhiteElo "2173"]
[BlackElo "2178"]
[PlyCount "90"]
[EventDate "2015.05.22"]
[EventType "swiss"]
[EventRounds "7"]
[EventCountry "NED"]
[Source "P.Boonen"]
[SourceDate "2015.10.01"]

1. c4 Nf6 2. Nc3 g6 3. e4 d6 4. d4 Bg7 5. Nf3 O-O 6. Be2 e5 7. d5 a5 8. h4 h5
9. Ng5 c6 10. Be3 Na6 11. f3 cxd5 12. cxd5 Bd7 13. Qd2 Qe7 14. O-O Rfc8 15.
Rac1 Nc5 16. g3 Qe8 17. b3 b5 18. Nd1 Nh7 19. Nb2 Nxg5 20. hxg5 Bf8 21. Nd3 b4
22. Nxc5 dxc5 23. Bc4 Bd6 24. a4 bxa3 25. Ra1 a4 26. Rxa3 axb3 27. Rxa8 Rxa8
28. Bxb3 Ra3 29. Rb1 Bb5 30. Qf2 Bd3 31. Bc1 Bxb1 32. Bxa3 Qb5 33. Bc2 Ba2 34.
Bd1 Bc4 35. Qb2 Qa6 36. Kf2 Bd3 37. Qc3 c4 38. Bxd6 Qxd6 39. Kg2 Qe7 40. Bc2
Bxc2 41. Qxc2 Qxg5 42. Qxc4 h4 43. Qc8+ Kh7 44. Qg4 Qd2+ 45. Kh3 Qd1 1/2-1/2

[Event "BPB Limburg open"]
[Site "Maastricht"]
[Date "2015.05.25"]
[Round "7"]
[White "Nauts, Patrick"]
[Black "Ritsema, Ronald"]
[Result "1-0"]
[WhiteElo "2022"]
[BlackElo "2012"]
[PlyCount "49"]
[EventDate "2015.05.22"]
[EventType "swiss"]
[EventRounds "7"]
[EventCountry "NED"]
[Source "P.Boonen"]
[SourceDate "2015.10.01"]

1. e4 e6 2. d4 d5 3. Nc3 Bb4 4. a3 Bxc3+ 5. bxc3 dxe4 6. Qg4 Nf6 7. Qxg7 Rg8 8.
Qh6 Rg6 9. Qd2 Nbd7 10. Bb2 b6 11. O-O-O Bb7 12. c4 Qe7 13. Nh3 O-O-O 14. Nf4
Rgg8 15. Be2 e5 16. dxe5 Nxe5 17. Qb4 c5 18. Qc3 Nfd7 19. Kb1 Nc6 20. Nd5 Qe6
21. Qe3 Ne7 22. Qf4 Nxd5 23. cxd5 Bxd5 24. Rxd5 Qxd5 25. Ba6+ 1-0

[Event "BPB Limburg open"]
[Site "Maastricht"]
[Date "2015.05.25"]
[Round "7"]
[White "Roos, Adrian"]
[Black "Fuchs, Judith"]
[Result "1/2-1/2"]
[WhiteElo "2229"]
[BlackElo "2273"]
[PlyCount "52"]
[EventDate "2015.05.22"]
[EventType "swiss"]
[EventRounds "7"]
[EventCountry "NED"]
[Source "P.Boonen"]
[SourceDate "2015.10.01"]

1. d4 Nf6 2. c4 g6 3. Nc3 Bg7 4. e4 d6 5. Nge2 a6 6. Ng3 c6 7. Be2 b5 8. O-O
O-O 9. e5 Ne8 10. f4 bxc4 11. Bxc4 Nc7 12. Be3 Nd7 13. Qf3 Rb8 14. Rad1 Nb6 15.
Bb3 Nbd5 16. Bc1 Be6 17. Nce4 f5 18. exf6 exf6 19. f5 Bf7 20. h4 Qd7 21. Rf2
Ne7 22. Bxf7+ Rxf7 23. Bf4 Ne8 24. Qa3 Rd8 25. Bd2 gxf5 26. Nc3 d5 1/2-1/2

[Event "BPB Limburg open"]
[Site "Maastricht"]
[Date "2015.05.25"]
[Round "7"]
[White "Schleipfenbauer, Frank"]
[Black "Liedmann, Dennis"]
[Result "1-0"]
[WhiteElo "2153"]
[BlackElo "2157"]
[PlyCount "43"]
[EventDate "2015.05.22"]
[EventType "swiss"]
[EventRounds "7"]
[EventCountry "NED"]
[Source "P.Boonen"]
[SourceDate "2015.10.01"]

1. e4 d5 2. exd5 Nf6 3. d4 Bg4 4. Be2 Bxe2 5. Nxe2 Qxd5 6. O-O Nc6 7. Be3 g5 8.
Nd2 e6 9. c4 Qf5 10. Ng3 Qg6 11. Nf3 O-O-O 12. Qa4 Ng4 13. d5 exd5 14. cxd5
Nxe3 15. dxc6 Nxf1 16. Ne5 Bc5 17. Nxg6 Nxg3 18. Nxh8 Ne2+ 19. Kf1 Nf4 20. g3
Ne6 21. Nxf7 Rd2 22. Qg4 1-0

[Event "BPB Limburg open"]
[Site "Maastricht"]
[Date "2015.05.25"]
[Round "7"]
[White "Schoorl, Rob"]
[Black "Vereggen, Lars"]
[Result "1/2-1/2"]
[WhiteElo "2334"]
[BlackElo "2299"]
[PlyCount "145"]
[EventDate "2015.05.22"]
[EventType "swiss"]
[EventRounds "7"]
[EventCountry "NED"]
[Source "P.Boonen"]
[SourceDate "2015.10.01"]

1. e4 c5 2. Nf3 d6 3. d4 cxd4 4. Nxd4 Nf6 5. Nc3 Nc6 6. Bc4 e6 7. O-O Be7 8.
Be3 a6 9. f4 Qc7 10. Bb3 b5 11. Qf3 Bb7 12. a3 O-O 13. f5 Nxd4 14. Bxd4 e5 15.
Be3 Rac8 16. Rae1 Qb8 17. Bg5 Bc6 18. Bxf6 Bxf6 19. Re2 a5 20. Rd1 b4 21. Nd5
Bxd5 22. Bxd5 Qb5 23. axb4 axb4 24. g3 Rc7 25. Kg2 Kh8 26. h4 g5 27. hxg5 Bxg5
28. Bb3 Qa6 29. Kh1 f6 30. Ree1 Qb6 31. Rd3 Rd8 32. Red1 Ra7 33. Kg2 Rg7 34.
Qf2 Qc6 35. Kf3 Rc7 36. Rd5 Qa6 37. Qe2 Qa7 38. Qf2 Kg7 39. Qxa7 Rxa7 40. Rb5
Kf8 41. Rxb4 Ke7 42. Ba4 Rc8 43. c4 Rcc7 44. b3 Rcb7 45. Rxb7+ Rxb7 46. Rd5 Ra7
47. Rb5 Bc1 48. Rb8 Kf7 49. Kg4 Be3 50. Rd8 Bc5 51. Kh5 Kg7 52. Bc6 Ra1 53.
Rd7+ Kh8 54. Rf7 Rh1+ 55. Kg4 h5+ 56. Kf3 Rh2 57. g4 Rh3+ 58. Kg2 hxg4 59. Rxf6
Rxb3 60. Rh6+ Kg7 61. Rg6+ Kh7 62. Rxg4 Rb2+ 63. Kg3 Rb1 64. Kf3 Rf1+ 65. Ke2
Rg1 66. Rh4+ Kg7 67. Be8 Rg2+ 68. Kd3 Rg3+ 69. Kc2 Be3 70. Bg6 Bh6 71. Be8 Bf4
72. Rh1 Be3 73. Rb1 1/2-1/2

[Event "BPB Limburg open"]
[Site "Maastricht"]
[Date "2015.05.25"]
[Round "7"]
[White "Shkapenko, Pavel"]
[Black "Van Dooren, Dirk"]
[Result "1/2-1/2"]
[WhiteElo "2422"]
[BlackElo "2284"]
[PlyCount "47"]
[EventDate "2015.05.22"]
[EventType "swiss"]
[EventRounds "7"]
[EventCountry "NED"]
[Source "P.Boonen"]
[SourceDate "2015.10.01"]

1. e4 e5 2. Nf3 Nc6 3. Bc4 Bc5 4. c3 Nf6 5. d4 exd4 6. cxd4 Bb4+ 7. Bd2 Bxd2+
8. Nbxd2 d5 9. exd5 Nxd5 10. O-O O-O 11. Rc1 Bf5 12. Re1 Nb6 13. Ba6 Bc8 14.
Bd3 Be6 15. Ne4 Bxa2 16. Rxc6 bxc6 17. b3 Qd5 18. Ned2 Rfe8 19. Be4 Bxb3 20.
Qxb3 Qxb3 21. Nxb3 a5 22. Bxc6 Rxe1+ 23. Nxe1 Rd8 24. Nxa5 1/2-1/2

[Event "BPB Limburg open"]
[Site "Maastricht"]
[Date "2015.05.25"]
[Round "7"]
[White "Socko, Bartosz"]
[Black "Bok, Benjamin"]
[Result "1/2-1/2"]
[WhiteElo "2613"]
[BlackElo "2554"]
[PlyCount "45"]
[EventDate "2015.05.22"]
[EventType "swiss"]
[EventRounds "7"]
[EventCountry "NED"]
[Source "P.Boonen"]
[SourceDate "2015.10.01"]

1. e4 e5 2. Nf3 Nc6 3. Bc4 Bc5 4. c3 Nf6 5. d3 O-O 6. O-O d6 7. Nbd2 a6 8. Bb3
Re8 9. Re1 Be6 10. Nc4 h6 11. Ne3 Bxb3 12. Qxb3 Rb8 13. a4 Ba7 14. Nd5 Nxd5 15.
Qxd5 Ne7 16. Qb3 Ng6 17. Be3 Bxe3 18. Rxe3 Qd7 19. a5 Nf4 20. g3 Nh3+ 21. Kg2
Ng5 22. h4 Nxf3 23. Rxf3 1/2-1/2

[Event "BPB Limburg open"]
[Site "Maastricht"]
[Date "2015.05.25"]
[Round "7"]
[White "Tate, Emory"]
[Black "Warmerdam, Max"]
[Result "0-1"]
[WhiteElo "2256"]
[BlackElo "2278"]
[PlyCount "36"]
[EventDate "2015.05.22"]
[EventType "swiss"]
[EventRounds "7"]
[EventCountry "NED"]
[Source "P.Boonen"]
[SourceDate "2015.10.01"]

1. e4 e5 2. f4 exf4 3. Bc4 Nc6 4. d4 Nf6 5. Nc3 Bb4 6. d5 Nxe4 7. Qf3 Qe7 8.
dxc6 Nxc3+ 9. Kf1 Ne4 10. Bxf4 bxc6 11. Bxf7+ Kxf7 12. Bd6+ Qf6 13. Qxf6+ Kxf6
14. Bxb4 Ba6+ 15. Ne2 Rab8 16. Ba3 Rhe8 17. Re1 Rb5 18. g3 Rf5+ 0-1

[Event "BPB Limburg open"]
[Site "Maastricht"]
[Date "2015.05.25"]
[Round "7"]
[White "Timmermans, Ivo"]
[Black "Watzlawek, Markus"]
[Result "1-0"]
[WhiteElo "2157"]
[BlackElo "2107"]
[PlyCount "113"]
[EventDate "2015.05.22"]
[EventType "swiss"]
[EventRounds "7"]
[EventCountry "NED"]
[Source "P.Boonen"]
[SourceDate "2015.10.01"]

1. e4 c5 2. Nf3 d6 3. d4 cxd4 4. Nxd4 Nf6 5. Nc3 a6 6. h3 e6 7. g4 b5 8. a3 Bb7
9. Bg2 h6 10. Be3 Qc7 11. Qd2 Nbd7 12. Nde2 Ne5 13. b3 Rc8 14. f4 Nc6 15. O-O
g6 16. f5 gxf5 17. exf5 e5 18. Rae1 b4 19. Nd5 Nxd5 20. Bxd5 Nd8 21. Bxb7 Nxb7
22. Qxb4 d5 23. Qa4+ Qc6 24. Qxc6+ Rxc6 25. Nf4 Bxa3 26. Nxd5 Rxc2 27. Bd4 Bc5
28. Rxe5+ Kd7 29. Nf6+ Kc6 30. Bxc5 Nxc5 31. Rd1 Rb8 32. Rb1 Rd8 33. b4 Nd3 34.
Ra5 Nf4 35. Ne4 Nxh3+ 36. Kf1 Re8 37. Rxa6+ Kb7 38. Nd6+ Kxa6 39. b5+ Kb6 40.
Nxe8 Rc4 41. Nf6 Rd4 42. Ke2 Ng5 43. Ke3 Ra4 44. Nd7+ Kc7 45. b6+ Kxd7 46. b7
Re4+ 47. Kf2 Re8 48. b8=Q Rxb8 49. Rxb8 Kd6 50. Re8 Nh7 51. Rh8 Nf6 52. Rxh6
Ke5 53. Kf3 Ne4 54. Ra6 Ng5+ 55. Ke3 Nh7 56. Ra5+ Kf6 57. Kf4 1-0

[Event "BPB Limburg open"]
[Site "Maastricht"]
[Date "2015.05.25"]
[Round "7"]
[White "Tromp, Paul"]
[Black "Ismail, Tamer"]
[Result "1/2-1/2"]
[WhiteElo "2087"]
[BlackElo "2093"]
[PlyCount "32"]
[EventDate "2015.05.22"]
[EventType "swiss"]
[EventRounds "7"]
[EventCountry "NED"]
[Source "P.Boonen"]
[SourceDate "2015.10.01"]

1. e4 d6 2. f4 Nf6 3. Nc3 e5 4. Nf3 Nbd7 5. Bc4 Be7 6. O-O O-O 7. d3 c6 8. Bb3
Qc7 9. Qe1 Nc5 10. fxe5 dxe5 11. Qg3 Nxb3 12. axb3 Re8 13. Kh1 Bf8 14. Bg5 Nh5
15. Qh4 g6 16. Be3 b5 1/2-1/2

[Event "BPB Limburg open"]
[Site "Maastricht"]
[Date "2015.05.25"]
[Round "7"]
[White "Van Foreest, Jorden"]
[Black "Fedorchuk, Sergey A"]
[Result "1/2-1/2"]
[WhiteElo "2519"]
[BlackElo "2657"]
[PlyCount "93"]
[EventDate "2015.05.22"]
[EventType "swiss"]
[EventRounds "7"]
[EventCountry "NED"]
[Source "P.Boonen"]
[SourceDate "2015.10.01"]

1. e4 c5 2. Nf3 e6 3. g3 b6 4. Bg2 Bb7 5. Nc3 Nf6 6. Qe2 d6 7. O-O Be7 8. d4
cxd4 9. Nxd4 Qc8 10. a4 a6 11. g4 Nc6 12. Nb3 O-O 13. f4 Re8 14. Be3 Nd7 15. g5
Bf8 16. Rad1 Rb8 17. Rf3 Na5 18. Rh3 g6 19. Nd2 Bg7 20. Qg4 Ba8 21. Bf1 f5 22.
Qh4 Nf8 23. Bf2 b5 24. axb5 axb5 25. Ra1 b4 26. Rxa5 bxc3 27. bxc3 Bxe4 28.
Nxe4 fxe4 29. Ra7 Rb1 30. Re3 d5 31. Qg3 Rc1 32. Re1 Rxe1 33. Bxe1 Qc5+ 34. Bf2
Qxc3 35. Qxc3 Bxc3 36. Rc7 Bg7 37. Bc5 e5 38. Bb5 Ne6 39. Bxe8 Nxc7 40. Bc6
exf4 41. Bd6 Bd4+ 42. Kf1 Ne6 43. Bxd5 Kf7 44. Bxe4 Nxg5 45. Bd5+ Kf6 46. Bxf4
Be5 47. Bxg5+ 1/2-1/2

[Event "BPB Limburg open"]
[Site "Maastricht"]
[Date "2015.05.25"]
[Round "7"]
[White "Van Meegen, Ruud"]
[Black "Hoffmeister, Frank"]
[Result "1/2-1/2"]
[WhiteElo "2151"]
[BlackElo "2231"]
[PlyCount "87"]
[EventDate "2015.05.22"]
[EventType "swiss"]
[EventRounds "7"]
[EventCountry "NED"]
[Source "P.Boonen"]
[SourceDate "2015.10.01"]

1. e4 e6 2. d4 d5 3. Nc3 Nf6 4. Bg5 Be7 5. e5 Nfd7 6. Bxe7 Qxe7 7. f4 a6 8. Nf3
c5 9. Qd2 Nc6 10. dxc5 f6 11. exf6 Qxf6 12. Bd3 Nxc5 13. O-O O-O 14. Ne5 Nxe5
15. fxe5 Qe7 16. Rxf8+ Qxf8 17. Rf1 Qe7 18. Ne2 Nxd3 19. cxd3 Bd7 20. Qf4 Bb5
21. Rf3 Rc8 22. Nd4 Bd7 23. h3 a5 24. Kh2 b5 25. a3 b4 26. axb4 axb4 27. Rf1 h6
28. Ra1 Qc5 29. Ra6 Rf8 30. Qe3 Kh7 31. Rd6 Rf7 32. Qg1 Bb5 33. Nxe6 Qc2 34.
Nd4 Qxd3 35. Nxb5 Qxb5 36. Qb1+ Kg8 37. Qg6 Qf1 38. Rd8+ Rf8 39. Qe6+ Kh7 40.
Rxf8 Qxf8 41. Qg4 Qe7 42. e6 g6 43. Qe2 d4 44. Qe4 1/2-1/2

[Event "BPB Limburg open"]
[Site "Maastricht"]
[Date "2015.05.25"]
[Round "7"]
[White "Van Veen, Oscar"]
[Black "De Mey, Juan Pablo"]
[Result "1-0"]
[WhiteElo "2265"]
[BlackElo "1969"]
[PlyCount "137"]
[EventDate "2015.05.22"]
[EventType "swiss"]
[EventRounds "7"]
[EventCountry "NED"]
[Source "P.Boonen"]
[SourceDate "2015.10.01"]

1. e4 c5 2. c3 Nf6 3. e5 Nd5 4. Nf3 Nc6 5. Bc4 Nb6 6. Bb3 d6 7. exd6 Qxd6 8.
O-O g6 9. Na3 Bg7 10. d4 cxd4 11. Nb5 Qb8 12. Nfxd4 O-O 13. Nxc6 bxc6 14. Na3
Bb7 15. Be3 Nd5 16. Bc5 Bf6 17. Qf3 Rd8 18. Rfe1 Qc7 19. Nc4 Bc8 20. Rad1 h5
21. Qg3 Qxg3 22. hxg3 Bd7 23. Na5 e6 24. c4 Nb6 25. Bxb6 axb6 26. Nb7 Be8 27.
Nxd8 Bxd8 28. a4 Bf6 29. Rb1 Kg7 30. Bc2 c5 31. b3 Rc8 32. Be4 Bd4 33. Kf1 Rc7
34. Re2 f5 35. Bd5 e5 36. f3 g5 37. Ra2 Ra7 38. Ke2 Bg6 39. Rh1 Kf6 40. Kd1 g4
41. f4 e4 42. Ke2 Ke7 43. Bc6 Rc7 44. Bb5 Ra7 45. Rd2 Ra8 46. Rhd1 Rd8 47. b4
Be8 48. bxc5 bxc5 49. Bxe8 Kxe8 50. Rb1 Kd7 51. a5 Ra8 52. Ra2 Bc3 53. Rb7+ Kc6
54. Rb6+ Kc7 55. Rb5 Kc6 56. a6 Ra7 57. Rb8 Bg7 58. Re8 Kd6 59. Rg8 Bf6 60. Rf8
Be7 61. Rxf5 h4 62. Rd5+ Kc6 63. gxh4 Bxh4 64. Rh5 Be7 65. Rh7 Kb6 66. Rxe7
Rxe7 67. a7 Rxa7 68. Rxa7 Kxa7 69. f5 1-0

[Event "BPB Limburg open"]
[Site "Maastricht"]
[Date "2015.05.25"]
[Round "7"]
[White "Van den Hatert, Roy"]
[Black "Ratsma, Midas"]
[Result "1-0"]
[WhiteElo "2118"]
[BlackElo "2182"]
[PlyCount "57"]
[EventDate "2015.05.22"]
[EventType "swiss"]
[EventRounds "7"]
[EventCountry "NED"]
[Source "P.Boonen"]
[SourceDate "2015.10.01"]

1. e4 e6 2. d4 d5 3. Nc3 Bb4 4. e5 c5 5. a3 Bxc3+ 6. bxc3 Ne7 7. a4 Qa5 8. Bd2
c4 9. Qc1 Bd7 10. Qa3 Nbc6 11. Be2 O-O 12. Nf3 Rfb8 13. O-O b5 14. Qd6 Be8 15.
Nh4 Nc8 16. Qa3 Nxd4 17. Bd1 bxa4 18. f4 Nb5 19. Qc1 Nxc3 20. f5 Qc5+ 21. Kh1
Nxd1 22. Qxd1 exf5 23. Nxf5 Bd7 24. Nxg7 Rb6 25. Nh5 c3 26. Qf3 Be8 27. Be3 d4
28. Nf6+ Rxf6 29. exf6 1-0

[Event "BPB Limburg open"]
[Site "Maastricht"]
[Date "2015.05.25"]
[Round "7"]
[White "Van der Auweraert, Elwin"]
[Black "Schiffers, Sascha"]
[Result "0-1"]
[WhiteElo "2260"]
[BlackElo "2103"]
[PlyCount "68"]
[EventDate "2015.05.22"]
[EventType "swiss"]
[EventRounds "7"]
[EventCountry "NED"]
[Source "P.Boonen"]
[SourceDate "2015.10.01"]

1. e4 e5 2. Nf3 Nc6 3. Bb5 a6 4. Ba4 Nf6 5. d3 b5 6. Bb3 d6 7. h3 Be7 8. O-O
Na5 9. Nbd2 O-O 10. Re1 h6 11. c3 Nxb3 12. Nxb3 c5 13. d4 Bb7 14. d5 Nh7 15.
Nbd2 f5 16. b3 Ng5 17. c4 Bc8 18. Bb2 Rb8 19. cxb5 axb5 20. Bc3 Nxe4 21. Nxe4
fxe4 22. Rxe4 Bf5 23. Re1 Qe8 24. Kh1 Qg6 25. Qe2 Rf7 26. Bxe5 Bd3 27. Qe3 Rxf3
28. Qxf3 dxe5 29. Rad1 e4 30. Qe3 Bd6 31. f4 Qf5 32. g3 Qxh3+ 33. Kg1 Qf5 34.
Kg2 Qxd5 0-1

[Event "BPB Limburg open"]
[Site "Maastricht"]
[Date "2015.05.25"]
[Round "7"]
[White "Van der Valk, Niklas"]
[Black "Heltzel, Joost"]
[Result "1/2-1/2"]
[WhiteElo "2128"]
[BlackElo "2224"]
[PlyCount "53"]
[EventDate "2015.05.22"]
[EventType "swiss"]
[EventRounds "7"]
[EventCountry "NED"]
[Source "P.Boonen"]
[SourceDate "2015.10.01"]

1. d4 Nf6 2. c4 e5 3. dxe5 Ng4 4. Nf3 Bc5 5. e3 Nc6 6. Be2 Ngxe5 7. Nxe5 Nxe5
8. Nc3 O-O 9. O-O Re8 10. Ne4 Bf8 11. Qc2 d6 12. f4 Nc6 13. Bd2 f5 14. Ng5 Be7
15. Nf3 Bf6 16. Bd3 g6 17. Rae1 Rf8 18. b4 a5 19. a3 axb4 20. axb4 Kg7 21. b5
Ne7 22. Bc3 Ng8 23. Ra1 Rxa1 24. Rxa1 Bxc3 25. Qxc3+ Qf6 26. Qd4 Re8 27. Kf2
1/2-1/2

[Event "BPB Limburg open"]
[Site "Maastricht"]
[Date "2015.05.25"]
[Round "7"]
[White "Vanhuyse, Nele"]
[Black "Dalemans, Diana"]
[Result "1-0"]
[WhiteElo "2035"]
[BlackElo "2012"]
[PlyCount "85"]
[EventDate "2015.05.22"]
[EventType "swiss"]
[EventRounds "7"]
[EventCountry "NED"]
[Source "P.Boonen"]
[SourceDate "2015.10.01"]

1. e4 g6 2. d4 Bg7 3. f4 c5 4. Nf3 cxd4 5. Nxd4 Nc6 6. Nb3 d6 7. Nc3 Nf6 8. Be2
O-O 9. O-O Be6 10. Bf3 a5 11. a4 Bxb3 12. cxb3 Qb6+ 13. Kh1 Nb4 14. Re1 Nd7 15.
Be3 Qd8 16. Rc1 Nc5 17. Be2 b6 18. Bc4 Rc8 19. Qd2 Qc7 20. Rcd1 Qb7 21. Bf2 Bh6
22. Be3 Bg7 23. Qf2 e6 24. Bd4 e5 25. Be3 Rcd8 26. Nd5 Nxd5 27. Bxd5 Qd7 28.
Qe2 Kh8 29. Rf1 exf4 30. Rxf4 Qe7 31. Qf2 f5 32. exf5 Rxf5 33. Rxf5 gxf5 34.
Bd4 Bxd4 35. Qxd4+ Qe5 36. Qh4 Re8 37. h3 Ne4 38. Bc4 Ng3+ 39. Kg1 Ne4 40. Rd5
Qxb2 41. Rxf5 Nd2 42. Qf2 Qa1+ 43. Kh2 1-0

[Event "BPB Limburg open"]
[Site "Maastricht"]
[Date "2015.05.25"]
[Round "7"]
[White "Verhoef, Pieter"]
[Black "Nguyen, Kevin"]
[Result "0-1"]
[WhiteElo "2027"]
[BlackElo "2090"]
[PlyCount "54"]
[EventDate "2015.05.22"]
[EventType "swiss"]
[EventRounds "7"]
[EventCountry "NED"]
[Source "P.Boonen"]
[SourceDate "2015.10.01"]

1. e4 c5 2. Nc3 d6 3. f4 g6 4. Nf3 Bg7 5. Bb5+ Bd7 6. Bxd7+ Qxd7 7. O-O Nc6 8.
d3 e6 9. Be3 Nge7 10. Qe1 O-O 11. Qf2 Rad8 12. Rad1 Qc7 13. Qh4 Nd4 14. Rd2 d5
15. f5 Nexf5 16. exf5 Nxf5 17. Bf4 e5 18. Bxe5 Bxe5 19. Qf2 Bf4 20. Re2 d4 21.
Nd1 Ng3 22. Nd2 Nxe2+ 23. Qxe2 Bxh2+ 24. Kh1 Be5 25. Ne4 Rde8 26. Rf6 Qe7 27.
Qf3 Kg7 0-1

[Event "BPB Limburg open"]
[Site "Maastricht"]
[Date "2015.05.25"]
[Round "7"]
[White "Volkov, Mykyta"]
[Black "Overeem, Marc"]
[Result "1-0"]
[WhiteElo "2126"]
[BlackElo "2194"]
[PlyCount "41"]
[EventDate "2015.05.22"]
[EventType "swiss"]
[EventRounds "7"]
[EventCountry "NED"]
[Source "P.Boonen"]
[SourceDate "2015.10.01"]

1. d4 Nf6 2. c4 e6 3. Nc3 Bb4 4. Qc2 O-O 5. Nf3 c5 6. dxc5 Na6 7. g3 Nxc5 8.
Bg2 Nce4 9. O-O Nxc3 10. bxc3 Be7 11. e4 Qc7 12. e5 Ne8 13. Qe2 d5 14. cxd5
exd5 15. Nd4 Qxc3 16. Be3 Qa5 17. Rac1 Bd7 18. Nb3 Qd8 19. Bxd5 Bc6 20. Bxc6
bxc6 21. Nd4 1-0

[Event "BPB Limburg open"]
[Site "Maastricht"]
[Date "2015.05.25"]
[Round "7"]
[White "Vrolijk, Liam"]
[Black "Van de Perre, Tom"]
[Result "1-0"]
[WhiteElo "2045"]
[BlackElo "2073"]
[PlyCount "59"]
[EventDate "2015.05.22"]
[EventType "swiss"]
[EventRounds "7"]
[EventCountry "NED"]
[Source "P.Boonen"]
[SourceDate "2015.10.01"]

1. Nc3 e5 2. Nf3 Nc6 3. d4 exd4 4. Nxd4 Nf6 5. Bg5 Bb4 6. Nxc6 bxc6 7. Qd4 Be7
8. e4 O-O 9. Bd3 h6 10. Bd2 d5 11. e5 Nd7 12. f4 Rb8 13. Na4 c5 14. Qxd5 Bb7
15. Qc4 Bxg2 16. Rg1 Bh4+ 17. Ke2 Bc6 18. Qa6 Nb6 19. Nxc5 Re8 20. Raf1 f6 21.
Kd1 Qd4 22. Qa3 Nc4 23. Bxc4+ Qxc4 24. Qc3 Qxa2 25. Nb3 Qb1+ 26. Nc1 Bb5 27.
Qxc7 g5 28. fxg5 Bxg5 29. Rxf6 Rec8 30. Qf7+ 1-0

[Event "BPB Limburg open"]
[Site "Maastricht"]
[Date "2015.05.25"]
[Round "7"]
[White "Zimmermann, Luc"]
[Black "Thompson, Ian D"]
[Result "1/2-1/2"]
[WhiteElo "2113"]
[BlackElo "2202"]
[PlyCount "104"]
[EventDate "2015.05.22"]
[EventType "swiss"]
[EventRounds "7"]
[EventCountry "NED"]
[Source "P.Boonen"]
[SourceDate "2015.10.01"]

1. e4 e6 2. d4 d5 3. Nd2 Nf6 4. e5 Nfd7 5. Bd3 c5 6. c3 Nc6 7. Ne2 cxd4 8. cxd4
f6 9. exf6 Qxf6 10. Nf3 h6 11. O-O Bd6 12. Ng3 O-O 13. Bc2 Rd8 14. Re1 Nf8 15.
Ne5 Bd7 16. f4 Be8 17. Be3 Rac8 18. Rc1 Rc7 19. Bb1 Rdc8 20. Qg4 Nb4 21. Nh5
Bxh5 22. Qxh5 Nc2 23. Bxc2 Rxc2 24. Rxc2 Rxc2 25. Re2 Rc7 26. Re1 Kh7 27. Rc1
Rxc1+ 28. Bxc1 Qd8 29. Qd1 Kg8 30. Bd2 Qb6 31. Bc3 Bxe5 32. fxe5 Ng6 33. Qe2 a6
34. g3 Qc7 35. Kg2 Ne7 36. Qf2 Qc4 37. a3 Nc6 38. Qf1 b5 39. Qxc4 dxc4 40. Kf3
Ne7 41. Bd2 Kf7 42. g4 Kg6 43. Bb4 Nd5 44. Bd2 h5 45. h3 hxg4+ 46. Kxg4 Ne7 47.
Kf4 Nf5 48. Ke4 Kf7 49. d5 Nh4 50. d6 Nf5 51. Kf4 Ke8 52. Ke4 Kd7 {.....}
1/2-1/2

[Event "BPB Limburg open B"]
[Site "Maastricht"]
[Date "2015.05.22"]
[Round "1"]
[White "Alexopoulos, Spiros"]
[Black "Plug, Arjan"]
[Result "1-0"]
[WhiteElo "1953"]
[BlackElo "1876"]
[PlyCount "59"]
[EventDate "2015.05.22"]
[EventType "swiss"]
[EventRounds "7"]
[EventCountry "NED"]
[Source "P.Boonen"]
[SourceDate "2015.10.01"]

1. c4 e5 2. Nc3 Nc6 3. g3 g6 4. Bg2 Bg7 5. e4 d6 6. Nge2 Nh6 7. d3 O-O 8. O-O
f5 9. h3 f4 10. gxf4 exf4 11. Bxf4 Rxf4 12. Nxf4 Qg5 13. Qf3 Be5 14. Ncd5 Nd4
15. Qe3 Bd7 16. Nxg6 Ne2+ 17. Qxe2 hxg6 18. f4 Bd4+ 19. Kh1 Qh4 20. Qe1 Qh5 21.
Qg3 Ng4 22. Bf3 Bf2 23. Rxf2 Qxh3+ 24. Qxh3 Nxf2+ 25. Kg2 Nxh3 26. Nf6+ Kf7 27.
Nxd7 Nxf4+ 28. Kg3 Nh5+ 29. Bxh5 gxh5 30. Rf1+ 1-0